AWARENESS ON BANK OF THE PHILIPPINES ISLANDS EXPRESS ASSIST RELATIVE TO BANKING TRANSACTIONS CONVENIENCE (Record no. 77945)
[ view plain ]
| 000 -LEADER | |
|---|---|
| fixed length control field | 02109nam a22002657a 4500 |
| 003 - CONTROL NUMBER IDENTIFIER | |
| control field | URS |
| 005 - DATE AND TIME OF LATEST TRANSACTION | |
| control field | 20240416181809.0 |
| 008 - FIXED-LENGTH DATA ELEMENTS--GENERAL INFORMATION | |
| fixed length control field | 240308b |||||||| |||| 00| 0 eng d |
| 050 00 - LIBRARY OF CONGRESS CALL NUMBER | |
| Classification number | LG 221.R59 65891 |
| Item number | 2015 |
| 100 ## - MAIN ENTRY--PERSONAL NAME | |
| Personal name | Gonzales, S. Joshua |
| Relator term | Researcher |
| 245 ## - TITLE STATEMENT | |
| Title | AWARENESS ON BANK OF THE PHILIPPINES ISLANDS EXPRESS ASSIST RELATIVE TO BANKING TRANSACTIONS CONVENIENCE |
| Statement of responsibility, etc. | Jonalie T. Obillo; Verlyn M. Ocon |
| 264 #1 - PRODUCTION, PUBLICATION, DISTRIBUTION, MANUFACTURE, AND COPYRIGHT NOTICE | |
| Date of production, publication, distribution, manufacture, or copyright notice | 2015 |
| 300 ## - PHYSICAL DESCRIPTION | |
| Extent | ix, 84 leaves |
| Other physical details | illustrations |
| Dimensions | 28 cm |
| 336 ## - CONTENT TYPE | |
| Source | rdacontent |
| Content type term | text |
| 337 ## - MEDIA TYPE | |
| Source | rdamedia |
| Media type term | unmediated |
| 338 ## - CARRIER TYPE | |
| Source | rdacarrier |
| Carrier type term | volume |
| 502 ## - DISSERTATION NOTE | |
| Dissertation note | Undergraduate Thesis |
| Degree type | Bachelor of Science in Business Administration Major in Financial Management |
| Name of granting institution | University of Rizal System, Rodriguez, Rizal |
| Year degree granted | 2015 |
| 520 ## - SUMMARY, ETC. | |
| Summary, etc. | This study aimed to know the level of awareness on Bank of the Philippine Islands Express Assist (BEA). The subject of the study was the Bank of the Philippine Islands located in San Mateo, Rizal represented by 100 respondents experienced using Bank of the Philippine Islands Express Assist. The respondents were randomly selected. Descriptive Method of research was utilized in this study in order to present important information about Bank of the Philippine Islands Express Assist (BEA). For better result and accuracy of interpretation of the gathered data, the researchers used Statistical treatment, the Frequency and Percentage Distribution, and ranking were used to determine the profile of the respondents in terms of number of times in using BEA. To know the evaluation of the level of awareness of respondents on Bank of the Philippine Islands Express Assist of BPI in providing convenient banking experience, weighted mean was utilized. For the significant difference on the difference on the profile and assessment or BEA, One-way ANOVA was applied. |
| 650 ## - SUBJECT ADDED ENTRY--TOPICAL TERM | |
| Source of heading or term | Bank Awareness |
| 700 ## - ADDED ENTRY--PERSONAL NAME | |
| Personal name | Jonalie T. Obillo |
| Relator term | Researcher |
| 700 ## - ADDED ENTRY--PERSONAL NAME | |
| Personal name | Verlyn M. Ocon |
| Relator term | Researcher |
| 700 ## - ADDED ENTRY--PERSONAL NAME | |
| Personal name | Hector R. Rubiales II |
| Relator term | Adviser |
| 856 ## - ELECTRONIC LOCATION AND ACCESS | |
| Materials specified | Online Request for Student Unpublished Works |
| Uniform Resource Identifier | <a href="https://forms.gle/7LqvGGkaDrUQqz429">https://forms.gle/7LqvGGkaDrUQqz429</a> |
| 942 ## - ADDED ENTRY ELEMENTS (KOHA) | |
| Source of classification or shelving scheme | Library of Congress Classification |
| Koha item type | Theses and dissertations |
No items available.